000 00782nam a2200205Ii 4500
003 JO-AjNU
008 230605s9999||||xx |||||||||||||| ||und||
040 _aJO-AjNU
_bara
_erda
_cJO-AjNU
041 _aara
050 1 4 _aPJ7541 1986
100 3 _aغزوان، عناد..... وآخرون,
_eauthor
_942589
245 0 0 _aتيارات في نقد الشعر العربي المعاصر: إشكالية المنهج، الجزء الخامس
264 3 1 _aبغداد: دار الشؤون الثقافية، 1986
300 _aج5، 123ص
336 _atext
_btxt
_2rdacontent
337 _aunmediated
_bn
_2rdamedia
338 _avolume
_bnc
_2rdacarrier
490 0 _aالشعر ومتغيرات المرحلة 5
650 4 _aالشعر العربي - تاريخ ونقد
_942590
999 _aA18247
_c21815
_d21815